Catálogo
 En Linea

Aquí hase farta una mujé : (Registro nro. 34659)

Detalles MARC
000 -CABECERA
campo de control de longitud fija 00750nam a2200181 a 4500
001 - NÚMERO DE CONTROL
campo de control 000035168
005 - FECHA Y HORA DE LA ÚLTIMA TRANSACCIÓN
campo de control 20200930074141.0
008 - DATOS DE LONGITUD FIJA--INFORMACIÓN GENERAL
campo de control de longitud fija 111025s1909 000 spa d
040 ## - FUENTE DE LA CATALOGACIÓN
Centro catalogador/agencia de origen DO-SdBNP
100 1# - ENTRADA PRINCIPAL--NOMBRE DE PERSONA
Nombre de persona Miranda, Carlos
9 (RLIN) 60896
245 10 - MENCIÓN DE TÍTULO
Título Aquí hase farta una mujé :
Resto del título bufonada lírica en un acto y en prosa /
Mención de responsabilidad, etc. original de Carlos Miranda ; música de los maestros Mas y Sala.
246 10 - FORMA VARIANTE DE TÍTULO
Título propio/Titulo breve Aquí hase farta una mujé
-- libreto
260 ## - PUBLICACIÓN, DISTRIBUCIÓN, ETC.
Lugar de publicación, distribución, etc. Madrid :
Nombre del editor, distribuidor, etc. Sociedad de Autores Españoles,
Fecha de publicación, distribución, etc. 1909.
Fabricante Carbonell y Belda
300 ## - DESCRIPCIÓN FÍSICA
Extensión 42 p. ;
Dimensiones 21 cm.
500 ## - NOTA GENERAL
Nota general Estrenada el 23 de marzo de 1909
500 ## - NOTA GENERAL
Nota general Parodia del sainete lírico de los hermanos de la Cueva y del malogrado maestro Chapí
710 2# - PUNTO DE ACCESO ADICIONAL--NOMBRE DE ENTIDAD CORPORATIVA
Nombre de entidad corporativa o nombre de jurisdicción como elemento de entrada Sociedad de Autores Españoles
9 (RLIN) 60837
Existencias
Estado de retiro Estado de pérdida Restricciones de uso No para préstamo Código de colección Localización permanente Ubicación/localización actual Ubicación en estantería Fecha de adquisición Número de inventario Total de préstamos Signatura topográfica completa Código de barras Fecha visto por última vez Precio válido a partir de Tipo de ítem Koha
      Excluido de préstamo Monografías: Libros y Folletos General General Depósito 25.10.2011 LF1   35168-10 25.06.2020 25.06.2020 No se presta

Con tecnología Koha